[Event "Barcelona Sant Marti op 9th"]
[Site "Barcelona"]
[Date "2020.02.27"]
[Round "7"]
[White "Permanyer Ugartemendia, Inaki"]
[Black "Gonzalez Canovas, Sebastian"]
[Result "1-0"]
[WhiteElo "1727"]
[BlackElo "1612"]
[PlyCount "56"]
[EventDate "2020.01.16"]
[EventType "swiss"]
[EventRounds "9"]
[EventCountry "ESP"]
[SourceTitle "CBM 195 Extra"]
[Source "ChessBase"]
[SourceDate "2020.05.31"]
[SourceVersion "1"]
[SourceVersionDate "2020.05.31"]
[SourceQuality "1"]

1. e4 c6 2. d4 d5 3. Nc3 dxe4 4. Nxe4 Bf5 5. Ng3 Bg6 6. Nf3 Nd7 7. Bc4 e6 8. 0-0 Qc7 9. Bg5 Be7 10. Re1 h6 11. Bxe7 Nxe7 12. Qe2 Nd5 13. Bb3 0-0 14. c4 Nf4 15. Qe3 Rad8 16. Ne5 Nxe5 17. Qxf4 Nf3+ 18. Qxf3 Rxd4 19. c5 Re8 20. Rad1 Rf4 21. Qe3 Rh4 22. Rd6 Qc8 23. Red1 Bf5 24. Rd7 Kf8 25. Nxf5 exf5 26. Rxf7+ Kg8 27. Rc7+ Kh7 28. Rxc8 Rxe3 1-0

[Event "Barcelona op 2nd"]
[Site "Barcelona"]
[Date "2019.10.10"]
[Round "3.2"]
[White "Gonzalez Canovas, Sebastian"]
[Black "Cano Sevila, Ivan"]
[Result "0-1"]
[WhiteElo "1587"]
[BlackElo "2004"]
[PlyCount "58"]
[EventDate "2019.09.26"]
[EventType "swiss"]
[EventRounds "9"]
[EventCountry "ESP"]
[SourceTitle "EXT 2024"]
[Source "ChessBase"]
[SourceDate "2023.10.10"]
[SourceVersion "1"]
[SourceVersionDate "2023.10.10"]
[SourceQuality "1"]

1. d4 Nf6 2. Bf4 d5 3. e3 c5 4. c3 Nc6 5. Nd2 Qb6 6. Qc2 g6 7. b3 Bf5 8. Bd3 Bxd3 9. Qxd3 cxd4 10. exd4 Bg7 11. h3 Nh5 12. Bh2 e5 13. Ne2 exd4 14. g4 dxc3 15. Nf3 Nb4 16. Qe3+ Qxe3 17. fxe3 Nd3+ 18. Kf1 c2 19. Rc1 Nxc1 20. Nxc1 Nf6 21. Be5 0-0 22. Rh2 Ne4 23. Bxg7 Kxg7 24. Nd4 Rac8 25. Ke1 Rc3 26. Nxc2 Rfc8 27. Kd1 Ng3 28. Rg2 Nf1 29. Re2 Rxc2 0-1

[Event "Barcelona Primavera La Lira op 11th"]
[Site "Barcelona"]
[Date "2018.05.31"]
[Round "8"]
[White "Gonzalez Canovas, Sebastian"]
[Black "Volart Buil, Jordi"]
[Result "1/2-1/2"]
[WhiteElo "1643"]
[BlackElo "1710"]
[PlyCount "137"]
[EventDate "2018.04.12"]
[EventType "swiss"]
[EventRounds "9"]
[EventCountry "ESP"]
[SourceTitle "CBM 184 Extra"]
[Source "ChessBase"]
[SourceDate "2018.06.28"]
[SourceVersion "1"]
[SourceVersionDate "2018.06.28"]
[SourceQuality "1"]

1. c4 e5 2. Nc3 Nf6 3. g3 c6 4. Bg2 Bc5 5. Nf3 Qe7 6. 0-0 0-0 7. d3 d5 8. cxd5 cxd5 9. Bg5 Rd8 10. Qc2 Na6 11. a3 Bg4 12. Rac1 Rac8 13. Qb1 h6 14. Bxf6 Qxf6 15. Nd2 Be6 16. b4 Bb6 17. Na4 Rxc1 18. Rxc1 Qxf2+ 19. Kh1 Be3 20. Rf1 Qxe2 21. Nf3 d4 22. Nxe5 Rc8 23. Re1 Qxe1+ 24. Qxe1 Rc1 25. Qxc1 Bxc1 26. Bxb7 Nc7 27. Nc5 Bxa3 28. Nxe6 fxe6 29. Nc6 a6 30. Bc8 Kf7 31. Kg2 Kf6 32. Kf3 Nd5 33. Bxa6 Bxb4 34. Nxd4 Bc5 35. Nb3 Bg1 36. h3 g5 37. Bc4 Ne7 38. Ke4 h5 39. Nd4 Bxd4 40. Kxd4 Nf5+ 41. Ke4 Nxg3+ 42. Kf3 Nf5 43. Ba6 Ke5 44. Bb7 Kd4 45. Be4 Nh6 46. Bg6 g4+ 47. hxg4 hxg4+ 48. Kg3 Ke5 49. Bh7 Kf6 50. Be4 Kg5 51. Bh7 e5 52. Be4 Ng8 53. Bb7 Nf6 54. Bc8 Nh5+ 55. Kf2 Kf4 56. Bb7 Ng7 57. Bc8 g3+ 58. Kg2 Ne8 59. Bb7 Nf6 60. Ba8 Ng4 61. Be4 Ne3+ 62. Kg1 Nd1 63. Kg2 Nf2 64. Bh7 Ng4 65. Be4 Nf6 66. Bb7 e4 67. dxe4 Nh5 68. e5 Kxe5 69. Bf3 1/2-1/2

[Event "Barcelona Sant Marti op 7th"]
[Site "Barcelona"]
[Date "2018.01.11"]
[Round "1"]
[White "Cervello Tost, Roger"]
[Black "Gonzalez Canovas, Sebastian"]
[Result "1-0"]
[WhiteElo "1941"]
[BlackElo "1638"]
[PlyCount "89"]
[EventDate "2018.01.11"]
[EventType "swiss"]
[EventRounds "9"]
[EventCountry "ESP"]
[SourceTitle "EXT 2019"]
[Source "ChessBase"]
[SourceDate "2018.10.10"]
[SourceVersion "1"]
[SourceVersionDate "2018.10.10"]
[SourceQuality "1"]

1. e4 c6 2. d4 d5 3. Nc3 dxe4 4. Nxe4 Bf5 5. Ng3 Bg6 6. h4 h6 7. Nf3 Nd7 8. h5 Bh7 9. Bd3 Bxd3 10. Qxd3 e6 11. Bd2 Qc7 12. 0-0-0 0-0-0 13. Kb1 Ngf6 14. Ne4 Nxe4 15. Qxe4 Nf6 16. Qe2 Bd6 17. c4 c5 18. Bc3 Qe7 19. Ne5 Bxe5 20. dxe5 Nd7 21. f4 g5 22. g3 gxf4 23. gxf4 Rhg8 24. Rd6 Nb6 25. Rhd1 Na4 26. Ba5 Rxd6 27. Rxd6 Nb6 28. Qe3 Nd7 29. Bc3 Rd8 30. b3 b6 31. Qe4 Nb8 32. Rxd8+ Qxd8 33. Kb2 Kc7 34. Qh7 Qf8 35. f5 Kd7 36. f6 Nc6 37. Qg7 Ke8 38. Bd2 Nxe5 39. Bxh6 Nd7 40. Bg5 Ne5 41. h6 Qd6 42. Be3 Nxc4+ 43. bxc4 Qe5+ 44. Kc2 Qe4+ 45. Kd2 1-0

[Event "Barcelona Sant Marti op-B 19th"]
[Site "Barcelona"]
[Date "2017.07.18"]
[Round "6"]
[White "Prokudin, Igor"]
[Black "Gonzalez Canovas, Sebastian"]
[Result "0-1"]
[WhiteElo "1371"]
[BlackElo "1657"]
[PlyCount "109"]
[EventDate "2017.07.13"]
[EventType "swiss"]
[EventRounds "9"]
[EventCountry "ESP"]
[SourceTitle "EXT 2018"]
[Source "ChessBase"]
[SourceDate "2017.10.13"]
[SourceVersion "1"]
[SourceVersionDate "2017.10.13"]
[SourceQuality "1"]

1. e4 c6 2. d4 d5 3. exd5 cxd5 4. c4 Nf6 5. Nc3 e6 6. Nf3 Be7 7. a3 dxc4 8. Bxc4 0-0 9. 0-0 a6 10. Re1 b5 11. Ba2 Bb7 12. Bf4 h6 13. Bg3 Nc6 14. Bb1 Qd7 15. Ne5 Nxe5 16. Bxe5 g6 17. Bg3 Nd5 18. Nxd5 Bxd5 19. Be4 Rad8 20. Bxd5 Qxd5 21. Be5 f6 22. Bg3 Kf7 23. Qe2 Rc8 24. h3 Rc4 25. Rad1 Rfc8 26. Rd2 Rc1 27. Rdd1 Rxd1 28. Rxd1 Rc4 29. Qd3 Rc6 30. Qd2 Kg7 31. Qd3 Bd6 32. Bxd6 Rxd6 33. Qc3 g5 34. Re1 f5 35. Qe3 Kf7 36. Rd1 e5 37. Re1 e4 38. Rd1 f4 39. Qd2 Kf6 40. Qb4 Ke6 41. Qd2 Qc4 42. Kh2 Kf5 43. Kg1 Qd5 44. Kh2 h5 45. Qe2 g4 46. hxg4+ hxg4 47. Kg1 Qc4 48. Qd2 Rd5 49. Kh2 Qb3 50. Re1 g3+ 51. Kg1 Qd3 52. Qd1 gxf2+ 53. Kxf2 e3+ 54. Kg1 Qxd1 55. Rxd1 0-1

[Event "Barcelona Sant Marti op-B 19th"]
[Site "Barcelona"]
[Date "2017.07.16"]
[Round "4"]
[White "Bouzas Arcos, Juan Manuel"]
[Black "Gonzalez Canovas, Sebastian"]
[Result "1/2-1/2"]
[WhiteElo "1771"]
[BlackElo "1657"]
[PlyCount "54"]
[EventDate "2017.07.13"]
[EventType "swiss"]
[EventRounds "9"]
[EventCountry "ESP"]
[SourceTitle "EXT 2018"]
[Source "ChessBase"]
[SourceDate "2017.10.13"]
[SourceVersion "1"]
[SourceVersionDate "2017.10.13"]
[SourceQuality "1"]

1. e4 c6 2. Nc3 d5 3. Nf3 Bg4 4. h3 Bh5 5. exd5 cxd5 6. Bb5+ Nc6 7. 0-0 e6 8. Re1 a6 9. Be2 Be7 10. d4 Nf6 11. Be3 0-0 12. Qd2 Bg6 13. Bg5 Re8 14. Bd3 Bxd3 15. Qxd3 Rc8 16. Re3 Nb4 17. Qe2 h6 18. Bf4 Bd6 19. Ne5 Nc6 20. Nxc6 Rxc6 21. Be5 Bxe5 22. dxe5 Nd7 23. Rg3 Qb6 24. Qg4 g6 25. Re1 Qd8 26. f4 Rc4 27. Qe2 Rxf4 1/2-1/2

[Event "Barcelona Primavera La Lira op 10th"]
[Site "Barcelona"]
[Date "2017.04.27"]
[Round "2"]
[White "Gonzalez Canovas, Sebastian"]
[Black "Rojas Fernandez, Andres"]
[Result "0-1"]
[WhiteElo "1661"]
[BlackElo "1991"]
[PlyCount "60"]
[EventDate "2017.04.20"]
[EventType "swiss"]
[EventRounds "9"]
[EventCountry "ESP"]
[SourceTitle "EXT 2018"]
[Source "ChessBase"]
[SourceDate "2017.10.13"]
[SourceVersion "1"]
[SourceVersionDate "2017.10.13"]
[SourceQuality "1"]

1. c4 e6 2. Nc3 d5 3. cxd5 exd5 4. e3 Nf6 5. Nf3 c6 6. d4 Bd6 7. Be2 Bg4 8. h3 Bh5 9. Nh4 Bg6 10. Nxg6 hxg6 11. a3 Nbd7 12. Bd2 Qe7 13. Qc2 Ne4 14. Nxe4 dxe4 15. Qb3 Nb6 16. Rc1 Qg5 17. Kf1 Qd5 18. Qxd5 Nxd5 19. g3 f5 20. Kg2 g5 21. f4 gxf4 22. exf4 Ke7 23. Kf2 Kf6 24. h4 Rhe8 25. Be3 Rad8 26. Rhd1 Rd7 27. Re1 Bc7 28. Rcd1 Bb6 29. Bc4 Red8 30. Be2 Nxe3 0-1

[Event "Barcelona Sant Marti op-B 18th"]
[Site "Barcelona"]
[Date "2016.07.19"]
[Round "7.36"]
[White "Gonzalez Canovas, Sebastian"]
[Black "Franzoni Ladron, Enric"]
[Result "0-1"]
[WhiteElo "1659"]
[BlackElo "1811"]
[PlyCount "134"]
[EventDate "2016.07.13"]
[EventType "swiss"]
[EventRounds "9"]
[EventCountry "ESP"]
[SourceTitle "EXT 2024"]
[Source "ChessBase"]
[SourceDate "2023.10.10"]
[SourceVersion "1"]
[SourceVersionDate "2023.10.10"]
[SourceQuality "1"]

1. c4 Nf6 2. Nc3 g6 3. g3 Bg7 4. Bg2 0-0 5. d3 d6 6. Nf3 e5 7. 0-0 h6 8. a3 a5 9. Bd2 c6 10. Ne1 Na6 11. b4 Bd7 12. bxa5 Nc5 13. Ra2 Qc7 14. Na4 Nxa4 15. Qxa4 b6 16. axb6 Qxb6 17. Qb4 Qc7 18. Qb1 Rfb8 19. Qc1 Kh7 20. Nc2 Ra4 21. Nb4 Ng8 22. f4 f5 23. Qc2 Rba8 24. Bc1 Ne7 25. Kh1 Qa7 26. Qd2 Rb8 27. Nc2 exf4 28. Qxf4 Qc7 29. Qe3 Re8 30. Qf2 Qb8 31. e3 c5 32. Ne1 Nc6 33. Nf3 Qa7 34. Re1 Nb4 35. Rd2 Bc3 36. axb4 cxb4 37. Bb2 Bxd2 38. Qxd2 Rb8 39. Nd4 Ra2 40. Rc1 Qa3 41. Rc2 Qa4 42. Bd5 b3 43. Rc3 Qa3 44. Bxa3 Rxd2 45. Rxb3 Rxb3 46. Nxb3 Rxd3 47. Nc5 dxc5 48. Bxc5 Bb5 49. Bd4 Ba4 50. Kg2 Bb3 51. Kf3 Rd2 52. h4 Rc2 53. g4 fxg4+ 54. Kxg4 Bxc4 55. Be4 Be6+ 56. Kf4 Rf2+ 57. Kg3 Rf7 58. h5 Bf5 59. hxg6+ Bxg6 60. Bxg6+ Kxg6 61. Kg4 h5+ 62. Kg3 Kf5 63. Kh4 Rh7 64. Bb6 Rh6 65. Bd4 Rh7 66. Bc5 Kg6 67. e4 Rc7 0-1